00482nam a2200193 a 4500001001300000003000900013005001700022008004100039020001100080082001500091100001700106245002000123260002400143300000800167500003500175505004100210650002000251700001700271nice12345678IN_TiNIC20260116011646.0050524s0000 daca grp 000 0 eng  ac0.1200a297.8bAHM aAhmed, Anees aWho Is Mawdoodi aDaccabAuthorc0000 a12p aincludes index and biblioraphy2 aMiddle eastern world held at asmara, aJamaat-E-Islami1 aAhmed, Anees